#1 UK Hits of the 2010s - Statistics

General Stats
  • This quiz has been taken 228 times
  • The average score is 131 of 245
Answer Stats
Year Song Artist % Correct
2017 Perfect Ed Sheeran
98%
2017 Shape of You Ed Sheeran
98%
2014 Thinking Out Loud Ed Sheeran
98%
2014 Sing Ed Sheeran
98%
2013 Roar Katy Perry
96%
2012 Part of Me Katy Perry
96%
2010 Bad Romance Lady Gaga
96%
2018 Shallow Lady Gaga and Bradley Cooper
96%
2013 Blurred Lines Robin Thicke feat. T.I. and Pharrell
96%
2011 What's My Name Rihanna feat. Drake
95%
2015 Hello Adele
94%
2011 Someone Like You Adele
94%
2011 The Lazy Song Bruno Mars
94%
2011 Grenade Bruno Mars
94%
2010 Just the Way You Are (Amazing) Bruno Mars
94%
2010 Telephone Lady Gaga feat. Beyonce
94%
2013 Wrecking Ball Miley Cyrus
93%
2013 We Can't Stop Miley Cyrus
93%
2015 Love Yourself Justin Bieber
92%
2015 Sorry Justin Bieber
92%
2015 What Do You Mean? Justin Bieber
92%
2012 Diamonds Rihanna
92%
2010 Only Girl (In the World) Rihanna
92%
2019 Senorita Shawn Mendes and Camila Cabello
91%
2019 Break Up with Your Girlfriend, I'm Bored Ariana Grande
90%
2019 7 Rings Ariana Grande
90%
2018 Thank U, Next Ariana Grande
90%
2018 In My Feelings Drake
89%
2018 Nice for What Drake
89%
2018 God's Plan Drake
89%
2016 One Dance Drake
89%
2018 River Eminem feat. Ed Sheeran
89%
2014 Timber Pitbull feat. Kesha
89%
2011 We Found Love Rihanna feat. Calvin Harris
89%
2015 Drag Me Down One Direction
88%
2013 One Way or Another (Teenage Kicks) One Direction
88%
2012 Little Things One Direction
88%
2011 What Makes You Beautiful One Direction
88%
2013 The Monster Eminem feat. Rihanna
87%
2014 Bang Bang Jessie J, Ariana Grande and Nicki Minaj
87%
2016 Cold Water Major Lazer feat. Justin Bieber and MO
87%
2014 Uptown Funk Mark Ronson feat. Bruno Mars
86%
2017 Wild Thoughts DJ Khaled feat. Rihanna and Bryson Tiller
85%
2017 New Rules Dua Lipa
84%
2017 Look What You Made Me Do Taylor Swift
83%
2018 One Kiss Calvin Harris and Dua Lipa
82%
2017 Feels Calvin Harris feat. Pharrell Williams, Katy Perry and Big Sean
82%
2012 Titanium David Guetta feat. Sia
82%
2016 Shout Out to My Ex Little Mix
82%
2015 Black Magic Little Mix
82%
2012 Wings Little Mix
82%
2011 Cannonball Little Mix
82%
2012 Payphone Maroon 5 feat. Wiz Khalifa
82%
2019 I Don't Care Ed Sheeran and Justin Bieber
81%
2019 Take Me Back to London Ed Sheeran feat. Stormzy
81%
2010 Gettin' Over You David Guetta and Chris Willis feat. Fergie and LMFAO
80%
2011 Price Tag Jessie J feat. B.o.B
80%
2012 Hall of Fame The Script feat. will.i.am
80%
2019 Beautiful People Ed Sheeran feat. Khalid
79%
2015 Love Me like You Do Ellie Goulding
79%
2013 Burn Ellie Goulding
79%
2010 California Gurls Katy Perry feat. Snoop Dogg
79%
2014 Happy Pharrell Williams
79%
2018 These Days Rudimental feat. Jess Glynne, Macklemore and Dan Caplen
79%
2017 Too Good at Goodbyes Sam Smith
79%
2015 Writing's on the Wall Sam Smith
79%
2014 Stay with me Sam Smith
79%
2014 Money on My Mind Sam Smith
79%
2010 OMG Usher feat. will.i.am
79%
2013 Scream & Shout will.i.am feat. Britney Spears
79%
2012 Call Me Maybe Carly Rae Jepsen
78%
2019 Old Town Road Lil Nas X
78%
2016 Stitches Shawn Mendes
78%
2010 Nothin' on You B.o.B feat. Bruno Mars
77%
2014 All About That Bass Meghan Trainor
77%
2011 Give Me Everything Pitbull feat. Ne-Yo, Afrojack and Nayer
77%
2018 Promises Calvin Harris and Sam Smith
76%
2011 We R Who We R Kesha
76%
2012 Gangnam Style Psy
75%
2016 Pillowtalk ZAYN
75%
2013 Royals Lorde
74%
2013 Counting Stars OneRepublic
74%
2014 It's My Birthday will.i.am feat. Cody Wise
74%
2012 This Is Love will.i.am feat. Eva Simons
74%
2013 Wake Me Up Avicii
73%
2018 Solo Clean Bandit feat. Demi Lovato
73%
2015 Want to Want Me Jason Derulo
73%
2011 Don't Wanna Go Home Jason Derulo
73%
2010 In My Head Jason Derulo
73%
2012 Domino Jessie J
73%
2014 Summer Calvin Harris
72%
2016 Rockabye Clean Bandit feat. Sean Paul and Anne-Marie
72%
2019 Someone You Loved Lewis Capaldi
72%
2011 Party Rock Anthem LMFAO feat. Lauren Bennett and GoonRock
72%
2013 Thrift Shop Macklemore & Ryan Lewis feat. Wanz
72%
2015 See You Again Wiz Khalifa feat. Charlie Puth
71%
2017 Sign of the Times Harry Styles
70%
2012 Troublemaker Olly Murs feat. Flo Rida
70%
2014 Problem Ariana Grande feat. Iggy Azalea
69%
2014 Blame Calvin Harris feat. John Newman
69%
2012 Sweet Nothing Calvin Harris feat. Florence Welch
68%
2017 Symphony Clean Bandit feat. Zara Larsson
68%
2017 I'm the One DJ Khaled feat. Justin Bieber, Quavo, Chance the Rapper and Lil Wayne
68%
2010 Club Can't Handle Me Flo Rida feat. David Guetta
68%
2015 Marvin Gaye Charlie Puth feat. Meghan Trainor
67%
2014 Rather Be Clean Bandit feat. Jess Glynne
67%
2012 Somebody That I Used to Know Gotye feat. Kimbra
67%
2013 Mirrors Justin Timberlake
67%
2013 La La La Naughty Boy feat. Sam Smith
67%
2016 Closer The Chainsmokers feat. Halsey
67%
2015 Lay Me Down Sam Smith feat. John Legend
66%
2013 Under Control Calvin Harris and Alesso feat. Hurts
65%
2017 Havana Camila Cabello feat. Young Thug
65%
2013 Get Lucky Daft Punk feat. Pharrell Williams
64%
2017 Despacito (Remix) Luis Fonsi and Daddy Yankee feat. Justin Bieber
64%
2012 Paradise Coldplay
62%
2013 Talk Dirty Jason Derulo feat. 2 Chainz
62%
2015 Cheerleader (Felix Jaehn remix) OMI
62%
2010 Dynamite Taio Cruz
62%
2019 Sweet but Psycho Ava Max
60%
2012 We Are Young Fun feat. Janelle Monae
60%
2016 Say You Won't Let Go James Arthur
59%
2012 Impossible James Arthur
59%
2010 Airplanes B.o.B feat Hayley Williams
58%
2016 7 Years Lukas Graham
58%
2010 The Time (Dirty Bit) The Black Eyed Peas
58%
2011 Dance with me Tonight Olly Murs
57%
2010 Please Don't Let Me Go Olly Murs
57%
2010 Fireflies Owl City
57%
2019 Dance Monkey Tones and I
57%
2013 Need U (100%) Duke Dumont feat. A*M*E
55%
2011 Heart Skips a Beat Olly Murs feat. Rizzle Kicks
55%
2017 Rockstar Post Malone feat. 21 Savage
55%
2018 Eastside Benny Blanco, Halsey and Khalid
54%
2012 RIP Rita Ora feat. Tinie Tempah
54%
2016 I Took a Pill in Ibiza Mike Posner
53%
2012 Good Feeling Flo Rida
52%
2011 Glad You Came The Wanted
51%
2010 All Time Low The Wanted
51%
2014 Rude Magic!
50%
2012 Don't You Worry Child Swedish House Mafia feat. John Martin
50%
2018 Shotgun George Ezra
48%
2015 Not Letting Go Tinie Tempah feat. Jess Glynne
47%
2014 Lovers on the Sun David Guetta feat. Sam Martin
46%
2012 Feel the Love Rudimental feat. John Newman
46%
2018 I'll Be There Jess Glynne
44%
2015 Don't Be So Hard on Yourself Jess Glynne
44%
2015 Hold My Hand Jess Glynne
44%
2019 Vossi Bop Stormzy
44%
2014 She Looks So Perfect 5 Seconds of Summer
43%
2013 I Could Be the One Avicii vs. Nicky Romero
43%
2014 Crazy Stupid Love Cheryl Cole feat. Tinie Tempah
43%
2012 Hot Right Now DJ Fresh feat. Rita Ora
43%
2013 I Love It Icona Pop feat. Charli XCX
43%
2014 I Will Never Let You Down Rita Ora
42%
2012 How We Do (Party) Rita Ora
42%
2013 Love Me Again John Newman
40%
2018 Freaky Friday Lil Dicky feat. Chris Brown
40%
2014 Do They Know It's Christmas? Band Aid 30
39%
2010 Forget You CeeLo Green
39%
2012 Turn Up the Music Chris Brown
39%
2014 Am I Wrong Nico & Vinz
39%
2012 Let Me Love You (Until You Learn to Love Yourself) Ne-Yo
36%
2010 Beautiful Monster Ne-Yo
36%
2015 Fight Song Rachel Platten
36%
2012 Candy Robbie Williams
36%
2014 Ghost Ella Henderson
35%
2014 My Love Route 94 feat. Jess Glynne
35%
2012 Beneath Your Beautiful Labrinth feat. Emeli Sande
34%
2013 Somewhere Only We Know Lily Allen
33%
2010 Pass Out Tinie Tempah
33%
2015 Turn the Music Louder (Rumble) KDA feat. Tinie Tempah and Katie B
32%
2011 Swagger Jagger Cher Lloyd
31%
2014 I Don't Care Cheryl
31%
2012 Call My Name Cheryl
31%
2014 Tsunami (Jump) DVBBS and Borgeous feat. Tinie Tempah
30%
2010 Written in the Stars Tinie Tempah feat. Eric Turner
30%
2011 On the Floor Jennifer Lopez feat. Pitbull
29%
2014 Prayer in C (Robin Schulz remix) Lilly Wood and Robin Schulz
27%
2013 Animals Martin Garrix
26%
2011 Read All About It Professor Green feat. Emeli Sande
26%
2015 King Years & Years
25%
2010 Replay Iyaz
24%
2019 I Love Sausage Rolls LadBaby
24%
2018 We Built This City LadBaby
24%
2014 Me and My Broken Heart Rixton
24%
2010 Love You More JLS
23%
2010 The Club Is Alive JLS
23%
2011 She Makes Me Wanna JLS feat. Dev
23%
2013 Waiting All Night Rudimental feat. Ella Eyre
23%
2013 Let's Get Ready to Rhumble PJ & Duncan
21%
2012 Spectrum (Say My Name) (Calvin Harris remix) Florence and the Machine
20%
2018 Three Lions Baddiel, Skinner and the Lightning Seeds
19%
2014 The Man Aloe Blacc
18%
2014 Hideaway Kiesza
18%
2010 Dirtee Disco Dizzee Rascal
16%
2011 Stay Awake Example
16%
2011 Changed the Way You Kiss Me Example
16%
2010 When We Collide Matt Cardle
16%
2014 Waves (Robin Schulz remix) Mr Probz
16%
2014 These Days Take That
16%
2013 What About Us The Saturdays feat. Sean Paul
16%
2015 Easy Love Sigala
15%
2012 Young Tulisa
15%
2010 Promise This Cheryl Cole
14%
2015 Are You with Me Lost Frequencies
14%
2018 Funky Friday Dave feat. Fredo
13%
2011 All About Tonight Pixie Lott
13%
2010 Shout Shout for England feat. Dizzee Rascal and James Corden
13%
2010 Start Without You Alexandra Burke feat. Laza Morgan
11%
2011 Louder DJ Fresh feat. Sian Evans
11%
2012 Sing Gary Barlow and the Commonwealth Band feat. Military Wives
11%
2010 The Climb Joe McElderry
11%
2014 Gecko (Overdrive) Oliver Heldens and Becky Hill
11%
2014 Changing Sigma feat. Paloma Faith
11%
2014 I Got U Duke Dumont feat. Jax Jones
10%
2010 We No Speak Americano Yolanda Be Cool and DCUP
10%
2017 Bridge over Troubled Waters Artists for Grenfell
9%
2011 No Regrets Dappy
9%
2013 Skyscraper Sam Bailey
9%
2010 This Ain't a Love Song Scouting for Girls
9%
2014 Nobody to Love Sigma feat. Daniel Pearce
9%
2010 Heroes The X Factor Finalists 2010
9%
2011 Wishing on a Star The X Factor Finalists 2011
9%
2012 Twilight Cover Drive
8%
2011 Don't Hold Your Breath Nicole Scherzinger
8%
2012 Heatwave Wiley feat. Ms D
8%
2014 Something I Need Ben Haenow
7%
2015 House Every Weekend David Zowie
7%
2012 Bom Bom Sam and the Womp
7%
2010 Once Diana Vickers
6%
2012 The Power of Love Gabrielle Aplin
6%
2011 Wherever You Are Military Wives with Gareth Malone and Paul Mealor
6%
2013 Get Up (Rattle) Bingo Players feat. Far East Movement
5%
2015 A Bridge over You Lewisham and Greenwich NHS Choir
5%
2011 Promises Nero
5%
2010 Green Light Roll Deep
5%
2010 Good Times Roll Deep
5%
2011 Loca People Sak Noel
5%
2011 Don't Go Wretch 32 feat. Josh Kumra
4%
2014 Wake Me Up Gareth Malone's All Star Choir
3%
2010 Everybody Hurts Helping Haiti
3%
2014 I Wanna Feel SecondCity
2%
2013 Look Right Through Storm Queen
2%
2012 He Ain't Heavy, He's My Brother The Justice Collective
1%
No matching quizzes found
Score Distribution
Percent of People with Each Score
Percentile by Number Answered
Your Score History
You have not taken this quiz